000 00406nam a22001217a 4500
082 _a200 THE
100 _aWaqar Farooq
_970331
245 _aTH-SOF-1457-A NOVEL REAL TIME FRAMEWORK FOR CLUSTER
260 _aIslamabad
_bNUST College of EME
_c2017
650 _aPHD COMPUTER ENGINEERING-2017 PHDTHESIS
_970332
700 _aSupervisor Dr. Saad Rehman Co-Supervisor Dr. Muazzam Ali Khan
_970333
942 _cCF
999 _c577324
_d577324